| 000 | 00415nam a2200181Ia 4500 | ||
|---|---|---|---|
| 005 | 20250423095345.0 | ||
| 008 | 250422s9999 xx 000 0 und d | ||
| 020 | _a9783843443 | ||
| 050 | _aHF 5635 .I33/ | ||
| 100 | _aIgben, Robert O. | ||
| 245 | 0 | _aFinancial accounting made simple | |
| 250 | _a6th ed. | ||
| 260 | _aLagos | ||
| 260 | _bROI Publishers | ||
| 260 | _c2022 | ||
| 300 | _a427 p | ||
| 942 | _cBK | ||
| 999 |
_c30031 _d30031 |
||